Obal v boji o konkurenčnú výhodu 9. ročník prestížnej súťaže o najlepší obal - GOLD PACK 2006

Enregistré dans:
Détails bibliographiques
Auteur principal: Kačeňák, Igor
Format: Chapitre de livre
Langue:slovaque
Tags: Ajouter un tag
Pas de tags, Soyez le premier à ajouter un tag!

MARC

LEADER 00000naa$a2200000$$$4500
001 0050470
005 20240502071600.2
041 0 |a slo 
044 |a SK 
245 1 0 |a Obal v boji o konkurenčnú výhodu  |b 9. ročník prestížnej súťaže o najlepší obal - GOLD PACK 2006  |c Igor Kačeňák 
100 1 |a Kačeňák, Igor